Toutes les chansons de Renaud - Statistiques

Statistiques générales
  • Ce quiz a été pris 19 fois
  • Le résultat moyen est 29 sur 233
Statistiques - réponses
Album Titre % Correct
Laisse Béton Laisse béton
84%
Marche à l’ombre Marche à l’ombre
79%
Morgane de toi Morgane de toi
79%
Mistral gagnant Mistral gagnant
74%
Putain de camion Putain de camion
74%
Ma gonzesse Ma gonzesse
68%
Amoureux de Paname Amoureux de Paname
63%
Marche à l’ombre Dans mon H.L.M.
63%
Morgane de toi En cloque
63%
Amoureux de Paname Hexagone
63%
Boucan d’Enfer Manhattan-Kaboul
63%
Ma gonzesse Chanson pour Pierrot
58%
Boucan d’Enfer Docteur Renaud, Mister Renard
58%
Renaud Toujours debout
58%
Le retour de Gérard Lambert Manu
53%
Rouge sang Rouge sang
53%
Morgane de toi Dès que le vent soufflera
47%
Renaud J’ai embrassé un flic
47%
Putain de camion La mère à Titi
47%
Le retour de Gérard Lambert Le retour de Gérard Lambert
47%
Marche à l’ombre Les aventures de Gérard Lambert
47%
Marchand de cailloux Marchand de cailloux
47%
Mistral gagnant Miss Maggie
47%
Hors album (single)1 Miss Maggie (Version anglaise)
47%
À la belle de Mai À la belle de Mai
42%
Boucan d’Enfer Boucan d’enfer
42%
Métèque Le métèque
42%
Le retour de Gérard Lambert Mon beauf
42%
Amoureux de Paname Société tu m’auras pas
37%
Jamais commercialisée Crève Salope
32%
Morgane de toi Deuxième génération
32%
Les mômes et les enfants d’abord L.O.L.I.T.A
32%
Hors album (B.O du film homonyme) Viens chez moi, j’habite chez une copine
32%
Laisse Béton Adieu minette
26%
Le retour de Gérard Lambert Banlieue rouge
26%
Amoureux de Paname Camarade bourgeois
26%
À la belle de Mai C’est quand qu’on va où
26%
Morgane de toi Déserteur
26%
Marchand de cailloux La ballade Nord-Irlandaise
26%
Mistral gagnant La pêche à la ligne
26%
Rouge sang Les bobos
26%
Boucan d’Enfer Mon bistrot préféré
26%
Marche à l’ombre Où c’est qu’j’ai mis mon flingue ?
26%
Putain de camion Petite
26%
À la belle de Mai Son bleu
26%
Marchand de cailloux 500 connards sur la ligne de départ
21%
Ma gonzesse C’est mon dernier bal
21%
Hors album (single)7 Corona song
21%
Laisse Béton Germaine
21%
Le retour de Gérard Lambert La blanche
21%
À la belle de Mai La médaille
21%
Le retour de Gérard Lambert Le Père Noël noir
21%
Boucan d’Enfer Petit pédé
21%
Mistral gagnant P’tite conne
21%
Marche à l’ombre Baston
16%
Le retour de Gérard Lambert Étudiant poil aux dents
16%
Mistral gagnant Fatigué
16%
Amoureux de Paname Greta
16%
Marche à l’ombre It is not because you are
16%
Le retour de Gérard Lambert J’ai raté Télé-Foot
16%
Laisse Béton Je suis une bande de jeunes
16%
Laisse Béton La bande à Lucien
16%
Amoureux de Paname La Coupole
16%
Laisse Béton Les charognards
16%
Renaud Les mots
16%
Mistral gagnant Morts les enfants
16%
Morgane de toi Pochtron
16%
Morgane de toi Près des auto-tamponneuses
16%
Amoureux de Paname Rita
16%
Amoureux de Paname Écoutez-moi les gavroches
11%
Rouge sang Elle est facho
11%
Putain de camion Il pleut
11%
Rouge sang J’ai retrouvé mon flingue !
11%
Laisse Béton La chanson du loubard
11%
Amoureux de Paname La java sans joie
11%
Amoureux de Paname La menthe à l’eau
11%
Marche à l’ombre La teigne
11%
Ma gonzesse La tire à Dédé
11%
Marche à l’ombre L’auto-stoppeuse
11%
Laisse Béton Le blues de la porte d’Orléans
11%
Les mômes et les enfants d’abord Les animals
11%
À la belle de Mai Lolito Lolita
11%
Morgane de toi Loulou
11%
Renaud Mulholland Drive
11%
Ma gonzesse Peau Aime
11%
Amoureux de Paname Petite fille des sombres rues
11%
Marchand de cailloux Tonton
11%
Mistral gagnant Trois matelots
11%
À la belle de Mai Adios Zapata
5%
Rouge sang À la close
5%
Hors album5 Anaïs Nin
5%
Rouge sang Arrêter la clope !
5%
Mistral gagnant Baby-sitting blues
5%
Boucan d’Enfer Baltique
5%
Putain de camion Cent ans
5%
À la belle de Mai Devant les lavabos
5%
Boucan d’Enfer Elle a vu le loup
5%
Rouge sang Elsa
5%
Amoureux de Paname Gueule d’Aminche
5%
Renaud Héloïse
5%
Renaud Hyper Cacher
5%
Boucan d’Enfer Je vis caché
5%
Laisse Béton Jojo le démago
5%
Putain de camion Jonathan
5%
Laisse Béton La boum
5%
Amoureux de Paname Le gringalet
5%
Mistral gagnant Le retour de la Pépette
5%
À la belle de Mai Le sirop de la rue
5%
Ma gonzesse Le tango de Massy-Palaiseau
5%
Morgane de toi Ma chanson leur a pas plu
5%
Marchand de cailloux Ma chanson leur a pas plu - Suite
5%
Hors album (À 2 à 3) Maintenant
5%
Rouge sang Malone
5%
Marche à l’ombre Mimi l’ennui
5%
Le retour de Gérard Lambert Oscar
5%
Renaud Petite fille slave
5%
Les mômes et les enfants d’abord Pinpon
5%
Renaud Pour Karim, pour Fabien
5%
Rouge sang RS & RS
5%
Ma gonzesse Salut Manouche
5%
Jamais commercialisée2 SDF
5%
Putain de camion Socialiste
5%
Renaud Ta batterie
5%
Mistral gagnant Tu vas au bal ?
5%
Hors album (Single)2 | Marchand de cailloux Welcome Gorby
5%
Hors album (Tchernobyl 20) 26 avril
0%
Rouge sang Adieu l’enfance
0%
Rouge sang À la téloche
0%
Putain de camion Allongés sous les vagues
0%
Le retour de Gérard Lambert À quelle heure on arrive
0%
Métèque Bonhomme
0%
Laisse Béton Buffalo débile
0%
Jamais commercialisée C.A.L en bourse
0%
Métèque Ça va ça vient
0%
Les mômes et les enfants d’abord Ça va gueuler
0%
Les mômes et les enfants d’abord C’est la récré
0%
Marchand de cailloux C’est pas du pipeau
0%
Putain de camion Chanson dégueulasse
0%
À la belle de Mai Cheveu blanc
0%
Ma gonzesse Chtimi rock
0%
Boucan d’Enfer Coeur perdu
0%
Boucan d’Enfer Corsic’armes
0%
Rouge sang Danser à Rome
0%
Rouge sang Dans la jungle
0%
Rouge sang Dans la jungle - Instrumental
0%
Marchand de cailloux Dans ton sac
0%
Morgane de toi Doudou s’en fout
0%
Renaud Dylan
0%
Hors album (VIP, very intimes poteaux) Encore un rhum
0%
Rouge sang En la Selva
0%
Hors album (single) Éthiopie
0%
Hors album (B.O du film homonyme)2 Fallait pas !…
0%
Hors album Fanny de la sorgue
0%
Rouge sang Filles de joie
0%
Métèque Hollywood
0%
Ma gonzesse J’ai la vie qui m’pique les yeux
0%
Les mômes et les enfants d’abord J’aime rien
0%
Marchand de cailloux Je cruel
0%
Rouge sang Je m’appelle Galilée
0%
Métèque Je suis mort qui, qui dit mieux
0%
Rouge sang Jusqu’à la fin du monde
0%
Métèque J’veux une Harley
0%
À la belle de Mai La ballade de Willy Brouillard
0%
Métèque La complainte de Mandrin
0%
Métèque La folle complainte
0%
Jamais commercialisée La goberge
0%
Métèque L’amitié
0%
Renaud La nuit en taule
0%
Hors album (Livre audio) La petite vague qui avait le mal de mer
0%
Marchand de cailloux L’aquarium
0%
Métèque La tendresse
0%
Renaud La vie est moche et c’est trop court
0%
Métèque La vie s’écoule, la vie s’enfuit
0%
Hors album (La fugue du Petit Poucet) Le camionneur rêveur
0%
Métèque Le jour où le bateau viendra
0%
Renaud L’enfant différent
0%
Boucan d’Enfer L’entarté
0%
Hors album (Phénix Tour) L’envol du Phénix
0%
Rouge sang Leonard’s song
0%
À la belle de Mai Le petit chat est mort
0%
Les mômes et les enfants d’abord Le petit crabe et la langoustine
0%
Hors album (Autour de Serge Reggiani) Le petit garçon
0%
Rouge sang Les cinq sens
0%
Marchand de cailloux Les dimanches à la con
0%
Marchand de cailloux Le tango des élus
0%
Métèque Le temps des cerises
0%
Rouge sang Ma blonde
0%
Métèque Ma fille
0%
Boucan d’Enfer Mal barrés
0%
Putain de camion Me jette pas
0%
Laisse Béton Mélusine
0%
Les mômes et les enfants d’abord Mes copains
0%
À la belle de Mai Mon amoureux
0%
Renaud Mon anniv’
0%
Boucan d’Enfer Mon nain de jardin
0%
Boucan d’Enfer | Hors album (Longbox) Mon paradis perdu
0%
Rouge sang Nos vieux
0%
Métèque Nuit et brouillard
0%
Marchand de cailloux Olé
0%
Les mômes et les enfants d’abord On va pas s’laisser pourrir
0%
Hors album (L’évasion de Toni) Ourson prisonnier
0%
Les mômes et les enfants d’abord Parc Montsouris
0%
Rouge sang Pas de dimanches
0%
Renaud Petit bonhomme
0%
Hors album (Open disc de Rouge Sang) | Rouge sang Pondichéry
0%
Marche à l’ombre Pourquoi d’abord
0%
Hors album (Open disc de Rouge Sang) Princesse Catalane
0%
Hors album (Face B du single précédent) P’tit dèj’ blues
0%
Marchand de cailloux P’tit voleur
0%
Renaud Quand les hommes vivront d’amour
0%
Jamais commercialisée Ravachol
0%
Jamais commercialisée Regardez bourgeois !
0%
Rouge sang Rien à te mettre
0%
Putain de camion Rouge gorge
0%
Ma gonzesse Sans dec’
0%
Rouge sang Sentimentale mon cul !
0%
Hors album (Diversion) Sidi h’Bibi
0%
Mistral gagnant Si t’es mon pote
0%
Métèque Si tu me payes un verre
0%
Le retour de Gérard Lambert Soleil immonde
0%
Métèque Suzanne
0%
Marchand de cailloux Tant qu’il y aura des ombres
0%
Hors album | À la belle de Mai Touche pas à ma soeur !
0%
Boucan d’Enfer Tout arrêter…
0%
Hors album (Urgence) Toute seule à une table
0%
Putain de camion Triviale poursuite
0%
Les mômes et les enfants d’abord Y’a un monstre sous mon lit
0%
Les mômes et les enfants d’abord Y z’ont mis l’feu à l’école
0%
Hors album (Natacha, Mambo à Buenos Aires) Zénobe
0%
Aucun quiz correspondant
Distribution des résultats
% des personnes avec chaque résultat
Percentile par nombre de réponses
Votre historique - résultats
Vous n’avez pas pris ce quiz